000 00696nam a2200229Ia 4500
003 GCL
008 140319s9999 xx 000 0 ara d
040 _aGCL /
_cGCL
082 0 4 _aط
_b813.0872
_bد س
100 1 _aدار الراتب الجامعية
245 1 0 _aلعبة اسكرفيل /
_cدار الراتب الجامعية
260 _a[S.N] :
_bدار الراتب الجامعية ،
_c1993
300 _aمتعدد
490 _aسلسلة سوفنير
_v0
650 0 4 _aالاطفال
650 0 4 _aالقصص البوليسية
650 0 4 _aالادب
650 0 4 _aالقصص
650 0 4 _aقصص الاطفال
650 0 4 _aادب الاطفال
942 _2ddc
_cBK
999 _c32816
_d32816